00453nam a22001577a 450000500170000001000150001702000260003203500140005803700130007208200080008524500730009326000370016627000510020330000220025470000190027620180831142857.0 aENG-123919 c350.00a9788190966016 aEN-107451 bDBAD/PUB a483 aThe dictionary of confusing words /ced. & complied. by Reema Tiwari c2011aDelhibRainbow Publication a6/85, Karkari Road, Shahdara, bDelhie110032 c21cm.(Hb.)a240p. aTiwari, Reema